| 000 | 01334nam a2200337 4500 | ||
|---|---|---|---|
| 003 | OSt | ||
| 005 | 20260530115310.0 | ||
| 008 | 260507b2005 mx a|||| |||| 00| 0 eng d | ||
| 040 |
_aICI _bspa _cICI |
||
| 041 | _aspa | ||
| 050 |
_aNA2850 _b.D47 2005 |
||
| 100 | 1 | _aDe Haro, Fernando, | |
| 245 | 1 | 0 |
_aIDEAS Interiores _binteriores = interiors = interieurs = inneren / _cFernando de Haro, Omar Fuentes |
| 250 | _aEdición 2005 | ||
| 264 | 1 |
_b[s.n.] _c2005 _aMéxico : |
|
| 300 |
_a264 páginas : _bIlustraciones a color ; |
||
| 336 |
_atexto _2rdacontent |
||
| 337 |
_asin medio _2rdamedia |
||
| 338 |
_avolumen _2rdacarrier |
||
| 500 | _aTexto multilingüe en inglés, español, francés y alemán. | ||
| 500 | _aIncluye fotografías de proyectos contemporáneos de arquitectura y diseño interior | ||
| 520 | _aCompilación internacional de proyectos de interiorismo residencial contemporáneo que exploran el uso del color, la luz, los materiales y la distribución espacial | ||
| 650 | _aInterior architecture | ||
| 650 | _aInterior decoration | ||
| 650 |
_2local _aArquitectura de interiores |
||
| 650 |
_2local _aDiseño de interiores _919717 |
||
| 650 |
_2local _aDecoración de interiores _96140 |
||
| 650 |
_2local _aViviendas _xDiseño interior _932734 |
||
| 700 |
_aFuentes, Omar, _eautor. |
||
| 942 |
_2lcc _cBK _n1 |
||
| 999 |
_c13324 _d13324 |
||